000 00695 a2200205 4500
010 _aENG-89150
020 _a9780071492393
_c195.00
035 _aEN-72683
037 _bDBAD / PUB
082 _a158
090 _c10408
_d10408
100 _aBen-Shahar, Tal
245 _aHappier :
_cby Tal Ben-Shahar
_blearn the secrets to daily joy and lasting fulfillment /
260 _aNew Delhi
_bTata McGraw-Hill Publishing
_c2008
270 _a7, West Patel Nagar,
_bNew Delhi
_e110 008
300 _axvi, 192p.
_c23cm (pbk )
500 _aIncludes index
942 _adpl
_cEN
_k158 / BEN
999 _c10145
_d10145